000 00707nam a2200289Ia 4500
005 20260324111834.0
008 008 260324s9999 xx 000 0 eng d
020 _a9781032674049
037 _aEBOOK
040 _aCRL
040 _beng
040 _cCRL
041 _2eng
041 _aeng
084 _qCRL
100 _aKlaus Bosselmann
_91140233
245 0 _aEarth Trusteeship and the Sovereign State
245 0 _bTransforming International Environmental Law
260 _bTaylor and Francis
260 _c2025
365 _a
365 _b255
856 _uhttp://www.taylorfrancis.com/books/9781032674049
942 _cEBOOK
999 _c1729168
_d1729168